Grupo XIII Tercera RFEF (R. Murcia) - Equipos que han participado - Estadísticas

Estadísticas generales
  • Esta prueba ha sido intentada 9 veces
  • La puntuación promedio es 21 de 34
Estadísticas de respuestas
Nº temporadas Club % Correcto
4 C.F. Lorca Deportiva
100%
1 F.C. Águilas
100%
4 C.D. Cieza
88%
1 Club Olímpico de Totana
88%
1 Yeclano Deportivo
88%
3 Alcantarilla F.C.
75%
2 C.F. Santomera
75%
2 F.C. La Unión Atlético
75%
2 F.C. Mazarrón
75%
5 Real Murcia Imperial C.F.
75%
5 UCAM Murcia C.F. "B"
75%
5 U.D. Caravaca
75%
4 Unión Molinense C.F.
75%
1 Archena Sport F.C.
63%
4 Cartagena F.C. "B"
63%
1 C.D. Algar
63%
3 C.D. Bala Azul
63%
4 C.D. Bullense
63%
5 El Palmar C.F.
63%
4 Muleño C.F.
63%
1 U.D. Los Garres
63%
1 Atlético Santa Cruz
50%
3 C.A.P. Ciudad de Murcia
50%
2 C.D. Plus Ultra
50%
4 Club Atlético Pulpileño
50%
3 Club Deportiva Minera
50%
2 F.C. Águilas "B"
50%
1 Yeclano Deportivo "B"
50%
1 Balsicas Atlético
38%
2 Deportivo Marítimo
38%
1 Montecasillas F.C.
38%
3 Racing Murcia F.C.
38%
2 S.F.C. Minerva
38%
1 Huércal-Overa C.F.
25%
No se encontraron pruebas coincidentes
Distribución de puntuación
Porcentaje de gente con cada puntuación
Porcentaje por número respondido
Historial de tus puntuaciones
No has intentado esta prueba.